Nomenclátor de las ciudades, villas, lugares, aldeas y demás entidades de población de España formado por la Dirección General de Estadística, con referencia al 31 de diciembre de 1940 : Provincia de Barcelona Provincia de Barcelona
Descripción Física:
111 p. ; 27 cm
MARC
| LEADER | 00000nam a2200000Ia 4500 | ||
|---|---|---|---|
| 001 | 9928 | ||
| 008 | 160829s9999 xx 000 0 cat d | ||
| 080 | |a M-1-191 | ||
| 100 | |a Espanya. Dirección General de Estadística |9 22371 | ||
| 245 | |a Nomenclátor de las ciudades, villas, lugares, aldeas y demás entidades de población de España formado por la Dirección General de Estadística, con referencia al 31 de diciembre de 1940 : |b Provincia de Barcelona | ||
| 260 | |a Madrid : |b (Barranco), [s.a.] | ||
| 300 | |a 111 p. ; |c 27 cm | ||
| 650 | |a Barcelona (Província) |x Població |9 22372 | ||
| 650 | |a Topònims |x Barcelona (Província) |9 31833 | ||
| 901 | |a Arxiu | ||
| 942 | |n 1 | ||
| 952 | |0 0 |1 0 |4 0 |6 M1191 |7 1 |9 42190 |a Arxiu |b Arxiu |d 2016-12-01 |l 0 |o M-1-191 |p 9928 |r 2016-12-01 00:00:00 |w 2016-12-01 |y ARXIU | ||
| 999 | |c 44637 |d 44637 | ||